00555nam a2200181Ia 450000500170000000800410001702000150005808200130007310000210008624500620010726000470016930000140021665000120023065000120024294200060025495200980026099900150035820250303002855.0240331s9999 xx 000 0 und d a9559556509 bRAMa954 aRambukwelle, P.B 0aCommentary on sinhala kingship :bVijaya to Kalinga Magha aDehiwalabSridevi Printers (Pvt) Ltdc1993 a156 p .,  aEnglish aHistory cL 001040708LaWERCLbWERCLcSSCd2024-03-31l0o 954.93 RAMp3433r2024-03-31w2024-03-31yL c3464d3464